|
|
|
|
| LEADER |
03004nam a22005535i 4500 |
| 001 |
978-3-642-29336-8 |
| 003 |
DE-He213 |
| 005 |
20161208081752.0 |
| 007 |
cr nn 008mamaa |
| 008 |
120420s2012 gw | s |||| 0|eng d |
| 020 |
|
|
|a 9783642293368
|9 978-3-642-29336-8
|
| 024 |
7 |
|
|a 10.1007/978-3-642-29336-8
|2 doi
|
| 040 |
|
|
|d GrThAP
|
| 050 |
|
4 |
|a QA76.9.C643
|
| 050 |
|
4 |
|a TK5105.5-5105.9
|
| 072 |
|
7 |
|a UT
|2 bicssc
|
| 072 |
|
7 |
|a COM067000
|2 bisacsh
|
| 082 |
0 |
4 |
|a 004.6
|2 23
|
| 245 |
1 |
0 |
|a Mobile Computing, Applications, and Services
|h [electronic resource] :
|b Second International ICST Conference, MobiCASE 2010, Santa Clara, CA, USA, October 25-28, 2010, Revised Selected Papers /
|c edited by Martin Gris, Guang Yang.
|
| 264 |
|
1 |
|a Berlin, Heidelberg :
|b Springer Berlin Heidelberg :
|b Imprint: Springer,
|c 2012.
|
| 300 |
|
|
|a XIII, 430 p. 170 illus.
|b online resource.
|
| 336 |
|
|
|a text
|b txt
|2 rdacontent
|
| 337 |
|
|
|a computer
|b c
|2 rdamedia
|
| 338 |
|
|
|a online resource
|b cr
|2 rdacarrier
|
| 347 |
|
|
|a text file
|b PDF
|2 rda
|
| 490 |
1 |
|
|a Lecture Notes of the Institute for Computer Sciences, Social Informatics and Telecommunications Engineering,
|x 1867-8211 ;
|v 76
|
| 520 |
|
|
|a This book constitutes the thoroughly refereed post-conference proceedings of the Second International Conference on Mobile Computing, Applications, and Services (MobiCASE 2010) held in Santa Clara, CA, USA, during October 25-28, 2010. The 15 revised full papers presented were carefully selected from numerous submissions. Conference papers are organized in six technical sessions, covering the topics of mobile Web and mash-ups, software engineering and development tools, cross-layer approaches, location-based services, mobile healthcare, and mobile social networking. Furthermore the volume includes two workshops on mobile computing and mobile security as well as four poster papers.
|
| 650 |
|
0 |
|a Computer science.
|
| 650 |
|
0 |
|a Computer organization.
|
| 650 |
|
0 |
|a Software engineering.
|
| 650 |
|
0 |
|a Information storage and retrieval.
|
| 650 |
|
0 |
|a User interfaces (Computer systems).
|
| 650 |
|
0 |
|a Artificial intelligence.
|
| 650 |
1 |
4 |
|a Computer Science.
|
| 650 |
2 |
4 |
|a Computer Systems Organization and Communication Networks.
|
| 650 |
2 |
4 |
|a Information Systems Applications (incl. Internet).
|
| 650 |
2 |
4 |
|a Artificial Intelligence (incl. Robotics).
|
| 650 |
2 |
4 |
|a Software Engineering.
|
| 650 |
2 |
4 |
|a User Interfaces and Human Computer Interaction.
|
| 650 |
2 |
4 |
|a Information Storage and Retrieval.
|
| 700 |
1 |
|
|a Gris, Martin.
|e editor.
|
| 700 |
1 |
|
|a Yang, Guang.
|e editor.
|
| 710 |
2 |
|
|a SpringerLink (Online service)
|
| 773 |
0 |
|
|t Springer eBooks
|
| 776 |
0 |
8 |
|i Printed edition:
|z 9783642293351
|
| 830 |
|
0 |
|a Lecture Notes of the Institute for Computer Sciences, Social Informatics and Telecommunications Engineering,
|x 1867-8211 ;
|v 76
|
| 856 |
4 |
0 |
|u http://dx.doi.org/10.1007/978-3-642-29336-8
|z Full Text via HEAL-Link
|
| 912 |
|
|
|a ZDB-2-SCS
|
| 950 |
|
|
|a Computer Science (Springer-11645)
|